000 00419nam a2200157Ia 4500
003 GCL
005 20240530100446.0
008 140319s9999 xx 000 0 eng d
040 _aGCL /
_cGCL
082 0 4 _a780.9033
_bP A
100 _aPESTELLI GIORGIO
245 1 0 _aTHE AGE OF MOZART AND BEETHOVEN
_cPESTELLI GIORGIO
260 _a[S.N] :
_bCAMBRIBGE UNIVERSITY PRESS ،
_c1984
300 _a323 P
942 _2ddc
_cBK
999 _c17932
_d17932